000 00534cam a2200205ua 4500
001 9186
008 150223n ii |||gr||||Z||||||eng
020 _a8123719787
040 _cMAIN
041 _aeng
082 _a820.954
100 _aGeorge, K. M.,
_eEditor.
245 1 _aMasterpieces of Indian literature :
_bVol 3 /
_cEdited by K. M. George .
250 _a1st.
260 _aNew Delhi:
_bNational,
_c1997.
300 _a478p.
653 _aEnglish.& Old English literatures
653 _aIndian literature
942 _cBK
999 _c8256
_d8256